[Event "Karpenisi rapid op 12th"]
[Site "Karpenisi"]
[Date "2022.09.04"]
[Round "7"]
[White "Naci, Igli"]
[Black "Skodras, Asterios"]
[Result "1-0"]
[WhiteElo "1666"]
[BlackElo "1663"]
[PlyCount "75"]
[EventDate "2022.09.02"]
[EventType "swiss (rapid)"]
[EventRounds "7"]
[EventCountry "GRE"]
[SourceTitle "EXT 2024"]
[Source "ChessBase"]
[SourceDate "2023.10.10"]
[SourceVersion "1"]
[SourceVersionDate "2023.10.10"]
[SourceQuality "1"]

1. e4 c5 2. Nf3 g6 3. d4 cxd4 4. Nxd4 Nc6 5. Nc3 Bg7 6. Be3 Nf6 7. f3 0-0 8. Qd2 d5 9. 0-0-0 dxe4 10. Nxc6 Qxd2+ 11. Rxd2 bxc6 12. Nxe4 Nxe4 13. fxe4 Be6 14. a3 Rab8 15. c3 Bb3 16. Be2 Rfd8 17. Bd1 Rxd2 18. Bxd2 Bc4 19. Be3 Bd3 20. Bc2 Bxc2 21. Kxc2 Rb7 22. Rd1 h6 23. Rd8+ Kh7 24. Rc8 Be5 25. h3 Bc7 26. b4 f5 27. exf5 gxf5 28. a4 f4 29. Bc5 e5 30. Kd3 Kg6 31. Ke4 Kf6 32. a5 a6 33. Bb6 Bb8 34. Rxc6+ Kg5 35. Rc8 Bd6 36. Kd5 Bb8 37. Kc6 Re7 38. Bd8 1-0

[Event "Karpenisi rapid op 12th"]
[Site "Karpenisi"]
[Date "2022.09.02"]
[Round "2"]
[White "Skodras, Asterios"]
[Black "Frendzas, Panayotis"]
[Result "0-1"]
[WhiteElo "1663"]
[BlackElo "2340"]
[PlyCount "140"]
[EventDate "2022.09.02"]
[EventType "swiss (rapid)"]
[EventRounds "7"]
[EventCountry "GRE"]
[SourceTitle "EXT 2024"]
[Source "ChessBase"]
[SourceDate "2023.10.10"]
[SourceVersion "1"]
[SourceVersionDate "2023.10.10"]
[SourceQuality "1"]

1. d4 d5 2. Nf3 Nf6 3. c4 e6 4. g3 Bb4+ 5. Bd2 Bd6 6. Bg2 0-0 7. 0-0 c6 8. Nc3 Nbd7 9. cxd5 exd5 10. a3 Re8 11. b4 Nb6 12. b5 Nc4 13. a4 h6 14. Qc1 Bf5 15. Bf4 Ne4 16. Nxe4 Bxe4 17. bxc6 bxc6 18. Bxd6 Qxd6 19. Nd2 Bxg2 20. Kxg2 Rxe2 21. Nxc4 dxc4 22. Qxc4 Re4 23. Rfd1 Rd8 24. Rac1 Rxd4 25. Rxd4 Qxd4 26. Qxc6 Qd5+ 27. Qxd5 Rxd5 28. Rc8+ Kh7 29. Rc7 Ra5 30. Rc4 Kg6 31. Kf3 Kf6 32. h4 Ke6 33. Ke3 h5 34. Kd3 f6 35. Kc3 g5 36. Kb4 Rf5 37. f4 gxh4 38. gxh4 a5+ 39. Kc3 Rd5 40. Rc6+ Kf5 41. Kc4 Rd1 42. Rc5+ Kxf4 43. Rxh5 f5 44. Rh8 Rb1 45. h5 Rb4+ 46. Kd3 Rxa4 47. h6 Ra3+ 48. Ke2 Ra2+ 49. Ke1 Rh2 50. h7 a4 51. Ra8 Rxh7 52. Rxa4+ Kg3 53. Kf1 Rh1+ 54. Ke2 f4 55. Ra3+ Kg2 56. Ra2 f3+ 57. Ke3+ Kg3 58. Ra8 Re1+ 59. Kd2 Re5 60. Rg8+ Kf2 61. Rg6 Rd5+ 62. Kc2 Ke1 63. Rf6 f2 64. Re6+ Kf1 65. Rg6 Ke2 66. Re6+ Kf3 67. Rf6+ Ke3 68. Re6+ Kf4 69. Rf6+ Rf5 70. Rd6 Ke3 0-1

[Event "GRE-chT 49th"]
[Site "Thessaloniki"]
[Date "2022.08.17"]
[Round "7"]
[White "Skodras, Asterios"]
[Black "Vagiakos, Fotios"]
[Result "1-0"]
[WhiteElo "1814"]
[BlackElo "1276"]
[PlyCount "89"]
[EventDate "2022.08.12"]
[EventType "team-swiss"]
[EventRounds "7"]
[EventCountry "GRE"]
[SourceTitle "EXT 2024"]
[Source "ChessBase"]
[SourceDate "2023.10.10"]
[SourceVersion "1"]
[SourceVersionDate "2023.10.10"]
[SourceQuality "1"]
[WhiteTeam "Larisas"]
[BlackTeam "Livatheias"]
[WhiteTeamCountry "GRE"]
[BlackTeamCountry "GRE"]

1. e4 c5 2. Nf3 d6 3. d4 cxd4 4. Nxd4 Nf6 5. Nc3 g6 6. Be3 Bg7 7. f3 0-0 8. Bc4 Nc6 9. Qd2 Nxd4 10. Bxd4 Be6 11. Bxe6 fxe6 12. 0-0-0 Qa5 13. Kb1 b5 14. Nd5 Qxd2 15. Nxf6+ Bxf6 16. Rxd2 Bxd4 17. Rxd4 a5 18. Rc1 Rfc8 19. f4 Rc5 20. Re1 Rac8 21. Rd2 Rf8 22. g3 e5 23. fxe5 Rxe5 24. a3 Rc8 25. b4 a4 26. Rd5 Rc4 27. Rxe5 dxe5 28. Rd1 Rd4 29. Kc1 Kf7 30. c3 Rd6 31. Rf1+ Ke8 32. Kc2 Rf6 33. Rxf6 exf6 34. g4 Kd7 35. c4 bxc4 36. Kc3 Kc7 37. Kxc4 Kc6 38. h3 h6 39. b5+ Kb6 40. Kb4 h5 41. gxh5 gxh5 42. h4 f5 43. exf5 e4 44. f6 e3 45. Kc3 1-0

[Event "Thessaloniki op-B 1st"]
[Site "Thessaloniki"]
[Date "2022.08.04"]
[Round "3"]
[White "Skodras, Asterios"]
[Black "Tzontas, Konstantinos"]
[Result "1-0"]
[WhiteElo "1814"]
[BlackElo "1155"]
[PlyCount "55"]
[EventDate "2022.08.03"]
[EventType "swiss"]
[EventRounds "9"]
[EventCountry "GRE"]
[SourceTitle "EXT 2024"]
[Source "ChessBase"]
[SourceDate "2023.10.10"]
[SourceVersion "1"]
[SourceVersionDate "2023.10.10"]
[SourceQuality "1"]

1. d4 Nf6 2. Nf3 e6 3. g3 d5 4. c4 Be7 5. Bg2 0-0 6. 0-0 Nbd7 7. Nc3 b6 8. cxd5 exd5 9. Ne5 Bb7 10. Bg5 c5 11. Qa4 cxd4 12. Nxd7 Nxd7 13. Bxe7 Qxe7 14. Qxd4 Nf6 15. e3 Rfd8 16. Rac1 Qd7 17. Rfd1 Qe6 18. e4 dxe4 19. Qxd8+ Rxd8 20. Rxd8+ Ne8 21. Nxe4 Bxe4 22. Rcc8 Kf8 23. Rxe8+ Qxe8 24. Rxe8+ Kxe8 25. Bxe4 g6 26. f4 f6 27. Kf2 Ke7 28. Ke1 1-0

[Event "Thessaloniki op-B 1st"]
[Site "Thessaloniki"]
[Date "2022.08.03"]
[Round "1"]
[White "Skodras, Asterios"]
[Black "Christou, Lambros"]
[Result "0-1"]
[WhiteElo "1814"]
[BlackElo "1345"]
[PlyCount "66"]
[EventDate "2022.08.03"]
[EventType "swiss"]
[EventRounds "9"]
[EventCountry "GRE"]
[SourceTitle "EXT 2024"]
[Source "ChessBase"]
[SourceDate "2023.10.10"]
[SourceVersion "1"]
[SourceVersionDate "2023.10.10"]
[SourceQuality "1"]

1. e4 e6 2. d4 d5 3. Nc3 Bb4 4. Bd2 Bxc3 5. Bxc3 dxe4 6. Qg4 Nf6 7. Qxg7 Rg8 8. Qh6 Rg6 9. Qd2 Nbd7 10. f3 Nb6 11. 0-0-0 Nbd5 12. fxe4 Nxe4 13. Qe1 Nexc3 14. bxc3 Qd6 15. Rd3 b6 16. c4 Nf4 17. Rd1 Bb7 18. d5 Qa3+ 19. Kb1 0-0-0 20. g3 Nxd5 21. cxd5 Bxd5 22. Rxd5 Rxd5 23. Nh3 Rg8 24. Nf4 Rd4 25. Nd3 Ra4 26. Nc1 Rb4+ 27. Nb3 Ra4 28. Bh3 Qxa2+ 29. Kc1 Rd8 30. Qc3 Qa3+ 31. Kb1 Qa2+ 32. Kc1 Qa3+ 33. Kb1 Rdd4 0-1

[Event "Lamia ESSKE-ch"]
[Site "Lamia"]
[Date "2011.06.??"]
[Round "?"]
[White "Skodras, Asterios"]
[Black "Gitsis, Hristos"]
[Result "1/2-1/2"]
[WhiteElo "2000"]
[BlackElo "2059"]
[PlyCount "103"]
[EventDate "2011.06.??"]
[EventType "swiss"]
[EventRounds "7"]
[EventCountry "GRE"]
[SourceTitle "EXT 2024"]
[Source "ChessBase"]
[SourceDate "2023.10.10"]
[SourceVersion "1"]
[SourceVersionDate "2023.10.10"]
[SourceQuality "1"]

1. e4 e5 2. Nf3 Nc6 3. Bb5 a6 4. Bxc6 dxc6 5. d4 exd4 6. Qxd4 Qxd4 7. Nxd4 c5 8. Ne2 Bd7 9. Be3 Bc6 10. Nd2 f5 11. Ng3 Nf6 12. Nxf5 Nxe4 13. 0-0-0 g6 14. Nxe4 Bxe4 15. Ng3 Bxg2 16. Rhe1 Kf7 17. Rd7+ Kf6 18. Bf4 Bd6 19. Bxd6 cxd6 20. Rxd6+ Kf7 21. Rd7+ Kf6 22. Ne4+ Bxe4 23. Rxe4 b5 24. Rd6+ Kg5 25. Rd5+ Kh6 26. Rxc5 Rac8 27. Rxc8 Rxc8 28. Kd2 Rc5 29. a4 Kg5 30. axb5 axb5 31. b3 Kf6 32. c4 bxc4 33. bxc4 h6 34. Kd3 Rf5 35. Ke3 Rh5 36. Rf4+ Ke6 37. h4 Ra5 38. Kd4 g5 39. hxg5 hxg5 40. Re4+ Kd6 41. Re2 Rf5 42. Ra2 Rf4+ 43. Kc3 Kc5 44. Ra5+ Kc6 45. Rxg5 Rxf2 46. Kd4 Rf4+ 47. Kd3 Rh4 48. Re5 Rh3+ 49. Kd4 Rh4+ 50. Kc3 Rh1 51. Kb4 Rb1+ 52. Kc3 1/2-1/2

[Event "Iarissa Summer 2nd"]
[Site "Iarissa"]
[Date "2008.07.16"]
[Round "5"]
[White "Liakos, Dimitris"]
[Black "Skodras, Asterios"]
[Result "1/2-1/2"]
[WhiteElo "2065"]
[BlackElo "1968"]
[PlyCount "34"]
[EventDate "2008.07.08"]
[EventType "tourn"]
[EventRounds "7"]
[EventCountry "GRE"]
[SourceTitle "EXT 2024"]
[Source "ChessBase"]
[SourceDate "2023.10.10"]
[SourceVersion "1"]
[SourceVersionDate "2023.10.10"]
[SourceQuality "1"]

1. Nf3 d5 2. g3 g6 3. Bg2 Bg7 4. d4 Nf6 5. 0-0 0-0 6. Nbd2 Nbd7 7. c4 c6 8. b3 e5 9. dxe5 Ng4 10. Ba3 Re8 11. cxd5 Ndxe5 12. Nxe5 Nxe5 13. dxc6 Nxc6 14. Rc1 Bg4 15. Ne4 Qa5 16. Bc5 Qxa2 17. Qd6 Re6 1/2-1/2

[Event "Iarissa Summer 2nd"]
[Site "Iarissa"]
[Date "2008.07.11"]
[Round "3"]
[White "Konstantelias, Konstantinos"]
[Black "Skodras, Asterios"]
[Result "0-1"]
[WhiteElo "1975"]
[BlackElo "1968"]
[PlyCount "118"]
[EventDate "2008.07.08"]
[EventType "tourn"]
[EventRounds "7"]
[EventCountry "GRE"]
[SourceTitle "EXT 2024"]
[Source "ChessBase"]
[SourceDate "2023.10.10"]
[SourceVersion "1"]
[SourceVersionDate "2023.10.10"]
[SourceQuality "1"]

1. e4 e5 2. Nf3 Nc6 3. Bb5 a6 4. Ba4 Nf6 5. Bxc6 dxc6 6. d3 Bc5 7. h3 Qe7 8. Nbd2 Bd7 9. Nc4 Bd6 10. b3 b5 11. Nxd6+ cxd6 12. a4 b4 13. Qe2 c5 14. Bb2 0-0 15. Nd2 d5 16. g4 Bc6 17. f3 Nd7 18. 0-0-0 Rfe8 19. Rde1 a5 20. Nf1 Rac8 21. exd5 Bxd5 22. Ne3 Be6 23. f4 f6 24. fxe5 fxe5 25. Qh2 g6 26. Re2 Bf7 27. Rhe1 e4 28. Nc4 Bxc4 29. dxc4 Nf6 30. Qf4 Rf8 31. Qg5 Rcd8 32. Qe5 Qxe5 33. Bxe5 Nd7 34. Bc7 Rde8 35. Rxe4 Rxe4 36. Rxe4 Rf3 37. h4 Nf6 38. Rf4 Rxf4 39. Bxf4 Nxg4 40. Bd6 h5 41. Bxc5 g5 42. hxg5 h4 43. Bd6 Kf7 44. Kd2 Ke6 45. Bc7 h3 46. Ke2 h2 47. Bxh2 Nxh2 48. Kd3 Nf3 49. g6 Ne5+ 50. Kd4 Nxg6 51. Kc5 Ne7 52. Kb5 Kd6 53. Kb6 Nc6 54. Kb5 Nd4+ 55. Kxa5 Kc5 56. Ka6 Nxc2 57. Kb7 Nd4 58. a5 Nxb3 59. a6 Na5+ 0-1

[Event "Thessalias op 18th"]
[Site "Volos"]
[Date "2008.??.??"]
[Round "5"]
[White "Skodras, Asterios"]
[Black "Konstantelias, Konstantinos"]
[Result "0-1"]
[WhiteElo "1968"]
[BlackElo "1975"]
[PlyCount "98"]
[EventDate "2008.09.20"]
[EventType "swiss"]
[EventRounds "9"]
[EventCountry "GRE"]
[SourceTitle "EXT 2024"]
[Source "ChessBase"]
[SourceDate "2023.10.10"]
[SourceVersion "1"]
[SourceVersionDate "2023.10.10"]
[SourceQuality "1"]

1. e4 d5 2. exd5 Qxd5 3. Nc3 Qd6 4. d4 Nf6 5. Bc4 a6 6. Nge2 b5 7. Bd3 Bb7 8. Bf4 Qb6 9. f3 e6 10. 0-0 Nc6 11. Kh1 Rd8 12. Bg3 Nb4 13. Be4 Nbd5 14. Nxd5 Nxd5 15. Bf2 Be7 16. Nc3 0-0 17. Nxd5 Bxd5 18. Bxd5 Rxd5 19. Qe2 Bf6 20. c3 Rfd8 21. Rae1 Qa5 22. a3 c5 23. dxc5 Rd2 24. Qe4 Rxb2 25. Bd4 Bxd4 26. cxd4 Qd2 27. f4 Rxd4 28. Qf3 Rd5 29. Rd1 Qe2 30. Rfe1 Qxf3 31. gxf3 Rbd2 32. Rxd2 Rxd2 33. Rc1 Rd7 34. Kg1 Kf8 35. Kf2 Ke7 36. Ke3 Kd8 37. Ke4 Rd5 38. Rg1 g6 39. Rc1 Kc7 40. h4 Kc6 41. Rc2 a5 42. Rc1 f5+ 43. Ke3 Rxc5 44. Rd1 Rc3+ 45. Kd4 Rxa3 46. h5 Rxf3 47. hxg6 Rxf4+ 48. Ke3 Re4+ 49. Kd3 hxg6 0-1

[Event "Kavala op 15th"]
[Site "Kavala"]
[Date "2006.07.10"]
[Round "8"]
[White "Robas, Stergios"]
[Black "Skodras, Asterios"]
[Result "1-0"]
[WhiteElo "1970"]
[BlackElo "1815"]
[PlyCount "66"]
[EventDate "2006.07.04"]
[EventType "swiss"]
[EventRounds "9"]
[EventCountry "GRE"]
[SourceTitle "CBM 113 Extra"]
[Source "ChessBase"]
[SourceDate "2006.09.14"]
[SourceVersion "1"]
[SourceVersionDate "2006.09.14"]
[SourceQuality "1"]

1. e4 c5 2. Nf3 g6 3. Nc3 Nc6 4. d4 cxd4 5. Nxd4 Bg7 6. Nde2 Nf6 7. g3 d6 8. h3 0-0 9. Bg2 Rb8 10. a4 a6 11. 0-0 b5 12. axb5 axb5 13. Kh2 b4 14. Nd5 Nd7 15. Ra2 Nc5 16. b3 Ba6 17. Bb2 e6 18. Bxg7 Kxg7 19. Ne3 Qc7 20. Rxa6 Nxa6 21. Qa1+ Ne5 22. f4 Qc3 23. fxe5 Qxe3 24. exd6+ Kg8 25. Qxa6 Rb6 26. Qa7 Qc5 27. e5 h5 28. h4 g5 29. hxg5 h4 30. g6 Qe3 31. Rf3 Qxe2 32. Qxb6 Qxe5 33. Qe3 fxg6 1-0